| 000 -LEADER |
| fixed length control field |
00719cam a2200217 a 4500 |
| 020 ## - INTERNATIONAL STANDARD BOOK NUMBER |
| ISBN |
0324012071 |
| 050 00 - LIBRARY OF CONGRESS CALL NUMBER |
| Classification number |
HF1017 |
| 100 1# - MAIN ENTRY--AUTHOR NAME |
| Personal name |
Kvanli, Alan H. |
| 245 10 - TITLE STATEMENT |
| Title |
Introduction to business statistics : |
| 250 ## - EDITION STATEMENT |
| Edition statement |
5th ed. |
| 260 ## - PUBLICATION, DISTRIBUTION, ETC. (IMPRINT) |
| Place of publication |
Cincinnati, Ohio : |
| Name of publisher |
South-Western College Publishing, |
| Year of publication |
c2000. |
| 300 ## - PHYSICAL DESCRIPTION |
| Number of Pages |
xvi, 987, 89, 9 p. : |
| Other physical details |
ill. ; |
| Accompanying material |
1 computer laser optical disc (4 3/4 in.) |
| 500 ## - GENERAL NOTE |
| General note |
Includes index. |
| 650 #0 - SUBJECT ADDED ENTRY--TOPICAL TERM |
| Topical Term |
Commercial statistics |
|
| Topical Term |
Statistics |
| 700 1# - ADDED ENTRY--PERSONAL NAME |
| Personal name |
Pavur, Robert J. |
|
| Personal name |
Guynes, C. Stephen |
| 856 42 - ELECTRONIC LOCATION AND ACCESS |
| Uniform Resource Identifier |
http://www.loc.gov/catdir/enhancements/fy1514/99024430-b.html |
|
| Uniform Resource Identifier |
http://www.loc.gov/catdir/enhancements/fy1514/99024430-d.html |
| 942 ## - ADDED ENTRY ELEMENTS (KOHA) |
| Koha item type |
Books |